Von Revolution zu Revolution /

Hlavní autor: Bibl, Viktor, 1870-1947
Jazyk: Němčina
Vydáno: Wien : Rikola, 1924
Témata:
Fyzický popis: 576 s.
Knihy
Uloženo v:
LEADER 00697nam a22002292a 4500
001 000007720
003 CZ BrMZK
005 20210317165711.0
007 ta
008 040716s1924 au f |||| 0 ger d
040 |a BOA001  |b cze 
072 7 |a 94(430/439)  |x Dějiny zemí střední Evropy  |2 Konspekt  |9 8 
100 1 |a Bibl, Viktor,  |d 1870-1947  |7 jx20060214001  |4 aut 
245 1 0 |a Von Revolution zu Revolution /  |c von Viktor Bibl 
260 |a Wien :  |b Rikola,  |c 1924 
300 |a 576 s. 
655 7 |a studie  |7 fd133597  |2 czenas 
910 |a BOA001  |b 2-0227.870 
990 |a BK 
993 |a Y 
991 |b 202102 
996 7 |b 2619957834  |c 2-0227.870  |l MZK  |r Sklad / do 24 hodin  |n 4  |w 000007720  |u 000010  |a 1  |e BOA001  |j MZK50  |s A